Magyar iskola a tűréshatáron Nagykaposon a magyar iskola vezetésének és az iskolatanácsnak a "jóvoltából" bevezették az alternatív oktatást

Bibliographic Details
Main Author: Vrabec, Mária, 1970- (Author)
Format: Article
Language:Hungarian
Subjects:

MARC

LEADER 00000nab a2200000 a 4500
001 vtls000741931
003 SK-MaSNL
005 20260319074417.0
008 160405c2000 xo 0 hun
015 |a SNBRB2000/12-32331 
035 |a CLN000093771 
040 |a SNKBUCL  |b slo  |c SNKBUCL  |e AACR2 
041 0 |a hun 
044 |a xo  |c SK 
080 |a 373.3(437.6=945.11)  |2 1997 
100 1 |a Vrabec, Mária,  |d 1970-  |4 aut  |9 102331 
245 1 0 |a Magyar iskola a tűréshatáron  |b Nagykaposon a magyar iskola vezetésének és az iskolatanácsnak a "jóvoltából" bevezették az alternatív oktatást  |c Vrabec Mária 
610 7 |a Základná škola s vyučovacím jazykom maďarským (Veľké Kapušany, Slovensko)  |2 snkbucl  |9 51974 
651 7 |a 811  |2 snkbucl  |9 462276 
655 7 |a články z novín a časopisov  |2 snkbucl  |9 267496 
773 0 |t Új szó  |g Roč. 53, č. 263 (15.11.2000), s. 5 
850 |a Slovenská národná knižnica v Martine 
852 |a SNK  |b KIS3GCP 
958 |a HU 
958 |a SK 
958 |a RBX 
999 |c 1446920  |d 1448850